000 00670nam a2200241Ia 4500
008 180523s9999 xx 000 0 und d
020 _a971-587-001-5
050 _aMAIN HF 5686.C8
050 _b.M38 1990
100 _aMatz, Adolph.
245 0 _aCost accounting planning and control /
245 0 _cAdolph Matz, Milton F. Usry, Estela P. Macuja.
250 _a2nd Philippine Edition
260 _aKalookan City:
260 _bPhilippine Graphic Arts,
260 _c1990
300 _a557 pages :
300 _billustrations ;
300 _c23 cm.
440 _vv.1
650 _aCost accounting.
650 _xCost accounting -- Study and teaching.
999 _c357209
_d357209